Dluhopisy jako prostředek získávání finančních zdrojů.
Charakteristika a druhy dlhopisov (obligácií). Niektoré významnejšie ustanovenia zákona o dlhopisoch platného v bývalej ČSFR od 1.2.1991. Doterajší vývoj na trhu dlhopisov. Prognóza ďalšieho vývoja v tejto oblasti.
Salvato in:
| Autore principale: | |
|---|---|
| Natura: | Capitolo di libro |
| Lingua: | ceco |
| Soggetti: | |
| Tags: |
Nessun Tag, puoi essere il primo ad aggiungerne!!
|
MARC
| LEADER | 00000naa a2200000 4500 | ||
|---|---|---|---|
| 001 | r013307 | ||
| 005 | 20221205080833.8 | ||
| 041 | 0 | |a cze | |
| 044 | |a CZ | ||
| 245 | 1 | 0 | |a Dluhopisy jako prostředek získávání finančních zdrojů. |c J. Guoth |
| 520 | |a Charakteristika a druhy dlhopisov (obligácií). Niektoré významnejšie ustanovenia zákona o dlhopisoch platného v bývalej ČSFR od 1.2.1991. Doterajší vývoj na trhu dlhopisov. Prognóza ďalšieho vývoja v tejto oblasti. | ||
| 610 | 2 | 0 | |a dlhopisy |
| 610 | 2 | 0 | |a obligácie |
| 610 | 2 | 0 | |a ČSFR |
| 610 | 2 | 0 | |a zákony |
| 610 | 2 | 0 | |a trh |
| 610 | 2 | 0 | |a zdroje finančné |
| 610 | 2 | 0 | |a prognózy |
| 100 | 1 | |a Guoth, J. | |